| 000 | 01021nam a22002177a 4500 | ||
|---|---|---|---|
| 005 | 20240828114108.0 | ||
| 010 | _aB-760220 | ||
| 020 |
_a9780143455684 _c299.00 |
||
| 035 | _aB-760220 | ||
| 037 | _bउपहार | ||
| 082 | _a181 | ||
| 100 |
_aजया प्रसाद _970626 |
||
| 245 |
_aश्री सिध्दि माँ / _cजया प्रसाद |
||
| 260 |
_aनई दिल्ली _bडायमंड पॉकेट बुक्स _c2023 |
||
| 270 |
_ax-30, ओखला इंडस्ट्रियल एरिया, फेज-11 _bनई दिल्ली _cदिल्ली _e110020 |
||
| 300 |
_a244पृ. _c22सेमी (अजिल्द) |
||
| 490 | _v | ||
| 600 |
_dकथा सुधा, नीम करोली बाबा का आध्यात्मिक धरोधर की _970627 |
||
| 942 |
_adpl _cHN _k _2ddc _h181 _mजयाप्र |
||
| 999 |
_c205328 _d205328 |
||